| 000 | 01338 am a22003491a 4500 | ||
|---|---|---|---|
| 999 |
_c28636 _d28607 |
||
| 001 | 009700664 | ||
| 003 | EG-ScBUE | ||
| 005 | 20200831141624.0 | ||
| 008 | 970728t1998 enkab f bd 001 0 eng d | ||
| 020 | _a0201767333 (pbk) | ||
| 020 | _a9780201767339 | ||
| 040 |
_aStDuBDS _beng _erda _cEG-ScBUE _dUk _dEG-ScBUE |
||
| 082 | 0 | 4 |
_a338.88 _bDAN _222 |
| 100 | 1 |
_aDaniels, John D. _q(John Day), _d1937- _eauthor. |
|
| 245 | 1 | 0 |
_aInternational business : _benvironments and operations / _cJohn D. Daniels, E. Claiborne Robins Distinguished Chair, University of Richmond and Lee H. Radebaugh, KPMG peat marwick professor of accounting, Brigham Young University. |
| 250 | _aEighth edition. | ||
| 264 | 1 |
_aReading : _bAddison Wesley Longman, Inc., _c[1998] |
|
| 264 | 4 | _cc1998 | |
| 300 |
_a1 volume (various pagings) : _billustrations, maps ; _c24 cm |
||
| 336 |
_atext _2rdacontent _btxt |
||
| 337 |
_aunmediated _2rdamedia _bn |
||
| 338 |
_avolume _2rdacarrier _bnc |
||
| 500 | _aPrevious ed.: 1995. | ||
| 500 | _aIncludes glossary. | ||
| 504 | _aIncludes bibliographical references and index. | ||
| 650 | 7 |
_aInternational trade. _2BUEsh |
|
| 650 | 7 |
_aInternational economic relations. _2BUEsh |
|
| 653 |
_bBUSECO _cAugust2020 |
||
| 655 |
_vReading book _934232 |
||
| 700 | 1 |
_aRadebaugh, Lee H. _q(Lee Howard) _eauthor. |
|
| 942 |
_2ddc _cBB |
||